[Event "zt 3.3"]
[Site "Ho Chi Minh City VIE"]
[Date "2009.07.25"]
[Round "4"]
[White "Nguyen Van Toan Thanh"]
[Black "Nguyen Van Hai"]
[Result "0-1"]
[WhiteElo "1813"]
[BlackElo "2249"]

1.e4 d6 2.d4 Nf6 3.Nc3 e5 4.dxe5 dxe5 5.Qxd8+ Kxd8 6.Bg5 Be6 7.O-O-O+ Nd7
8.Nf3 Kc8 9.Be2 c6 10.Bh4 Bb4 11.Ng5 Nc5 12.f3 Bxc3 13.bxc3 Re8 14.Rd2 h6
15.Nxe6 Nxe6 16.Rhd1 Re7 17.Bc4 Kc7 18.Bxe6 fxe6 19.Bg3 Nd7 20.Kb2 a5 21.Bf2 g5
22.Rd6 Rg8 23.h3 h5 24.Kb3 g4 25.hxg4 hxg4 26.Ka4 gxf3 27.gxf3 b6 28.c4 Rg2
29.R6d2 Rf7 30.c3 Rh2 31.Kb3 Rh3 32.Bg1 Rhxf3 33.Kc2 Rh3 34.a4 Rg7 35.Kb2 Nf6
36.Re2 Kb7 37.Bh2 Nd7 38.Red2 Nc5 39.Bxe5 Rgh7 40.Ka3 R3h4 41.Rb1 Rd7 42.Rdb2 b5
43.axb5 Nxe4 44.bxc6+ Kxc6 45.Rb6+ Kc5 46.Rxe6 Nd2 47.Bd4+ Kxc4 48.Rbb6 Rh2
49.Re5 Rf7 50.Rc6+ Kd3 51.Re3+ Kc2 52.c4 Rh4 53.Rc3+ Kd1 54.Be3 Nb1+ 55.Kb2 Nxc3
56.Kxc3 Rh3 57.Rd6+ Ke2 58.Rd2+ Ke1 59.Rd3 Rff3 60.Kd4 Rh4+ 61.Kc3 Ke2  0-1

[Event "Czech Open A"]
[Site "Pardubice CZE"]
[Date "2009.07.25"]
[Round "2"]
[White "Biolek,R1"]
[Black "Gasanov,E"]
[Result "1-0"]
[WhiteElo "2361"]
[BlackElo "2536"]

1.e4 d6 2.d4 Nf6 3.Nc3 e5 4.Nge2 c6 5.g3 g6 6.Bg2 Bg7 7.O-O O-O 8.h3 b5 9.a3 Bb7
10.Be3 Nbd7 11.Qd2 a5 12.Rfd1 Re8 13.d5 b4 14.axb4 axb4 15.dxc6 bxc3 16.Qxc3 Rc8
17.cxd7 Qxd7 18.Qd3 d5 19.exd5 e4 20.Qd2 Qxd5 21.Qb4 Qc6 22.Nd4 Qd7 23.c4 Ra8
24.Rac1 Rad8 25.Rd2 Qc8 26.Nb5 Rxd2 27.Qxd2 Rd8 28.Qb4 Bf8 29.Qa5 Rd3 30.c5 Rxe3
31.fxe3 Bh6 32.Rc3 Nd5 33.Nd6 Qd7 34.Nxe4 Kg7 35.c6 Bxc6 36.Rxc6 Qxc6 37.Nc3 Bxe3+
38.Kh2 Qb6 39.Qxd5 Bg1+ 40.Kh1 Bd4 41.Qe4 h5 42.h4 Qb4 43.Nb5  1-0

[Event "Czech Open A"]
[Site "Pardubice CZE"]
[Date "2009.07.25"]
[Round "2"]
[White "Bures,J"]
[Black "Voloshin,L"]
[Result "0-1"]
[WhiteElo "2259"]
[BlackElo "2437"]

1.e4 d6 2.d4 Nf6 3.Nc3 e5 4.Nf3 Nbd7 5.Bc4 Be7 6.O-O O-O 7.Bg5 c6 8.a4 b6
9.Re1 a6 10.h3 Bb7 11.Bf1 b5 12.Nb1 h6 13.Bh4 Nh7 14.Bg3 Ng5 15.Nbd2 Bf6
16.c3 Re8 17.Qb3 Nb6 18.a5 Nd7 19.Qa3 c5 20.d5 Nxf3+ 21.Nxf3 g6 22.b3 Rf8
23.c4 b4 24.Qc1 Bg7 25.Bh4 Qe8 26.Nh2 f5 27.exf5 gxf5 28.f4 Qg6 29.Ra2 Rae8
30.Bd3 e4 31.Bb1 Bd4+ 32.Bf2 Qg3 33.Qd1 Qxf4 34.Bxd4 cxd4 35.Qxd4 Nc5 36.Re3 Qg5
37.Rf2 Bc8 38.h4 Qxh4 39.g3 Qg5 40.Rf4 Bd7 41.Qd2 Rb8 42.Bc2 Rf6 43.Nf1 Be8
44.Re2 Bh5 45.Rh2 Bg4 46.Ne3 Bf3 47.Kf2 Kf7 48.Rh3 h5 49.Rh2 Ke7 50.Rh3 Kd7
51.Rh2 Rg8 52.Nf1 Rb8 53.Ne3 Kc7 54.Rh3 Rb7 55.Rh2 Kb8 56.Rh3 Ka7 57.Rh2 Rff7
58.Qd4 Bg4 59.Qh8 Qf6 60.Qxf6 Rxf6 61.Nxg4 hxg4 62.Ke3 Rbf7 63.Rf1 Nb7 64.Ra1 f4+
65.gxf4 Rxf4 66.Bxe4 Nc5  0-1

[Event "13th Battle of Senta Open A"]
[Site "Senta SRB"]
[Date "2009.07.25"]
[Round "9"]
[White "Medvegy,J"]
[Black "Bogdanovic,V"]
[Result "0-1"]
[WhiteElo "2033"]
[BlackElo "2001"]

1.e4 d6 2.d4 Nf6 3.Nc3 Nbd7 4.Be3 e5 5.Nf3 c6 6.h3 Be7 7.Qd2 Qc7 8.g4 O-O
9.g5 Ne8 10.Nh4 Nb6 11.O-O-O Be6 12.d5 cxd5 13.exd5 Bd7 14.f4 exf4 15.Bxf4 g6
16.Qe1 Qd8 17.Qg3 Rc8 18.Rh2 Rc7 19.Ne4 Bc8 20.Nf3 Bf5 21.Qe1 Ng7 22.Ng3 Re8
23.Qb4 Qc8 24.c3 Rc5 25.Nxf5 Qxf5 26.Nh4 Qc8 27.Rhd2 Nc4 28.Rd4 a5 29.Qb3 b5
30.a4 bxa4 31.Qxa4 Nb6 32.Qb3 Qc7 33.Bd3 Rb8 34.Qa3 Rxd5 35.Bc2 Rxd4 36.Rxd4 Ne6
37.Bxd6 Bxd6 38.Rxd6 Nc4  0-1

[Event "Najdorf Mem Open"]
[Site "Warsaw POL"]
[Date "2009.07.25"]
[Round "8"]
[White "Paterek,M"]
[Black "Krainski,S"]
[Result "1/2-1/2"]
[WhiteElo "2302"]
[BlackElo "2152"]

1.d4 d6 2.e4 Nf6 3.Nc3 Nbd7 4.Nge2 e5 5.g3 c6 6.Bg2 b5 7.a3 Bb7 8.O-O Be7
9.h3 h5 10.Be3 h4 11.g4 Nh7 12.f4 Nb6 13.b3 exf4 14.Nxf4 Bg5 15.Kh1 O-O 16.Qd3 a5
17.Nce2 b4 18.axb4 axb4 19.Qd2 Ba6 20.Rfe1 Bxe2 21.Qxe2 Re8 22.Rxa8 Qxa8
23.Nd3 Bxe3 24.Qxe3 Qa5 25.Qf2 g5 26.e5 d5 27.Qd2 Nd7 28.Qxb4 Qc7 29.Qc3 Rc8
30.e6 fxe6 31.Rxe6 Nhf8 32.Re1 Qd6 33.Nb4 Rb8 34.Nxc6 Rc8 35.Qa5 Kh8 36.Qxd5 Qg3
37.Rf1 Re8 38.Qf3 Ng6 39.c4 Nf4 40.Ne5 Nxe5 41.Qxg3 hxg3 42.Re1 Rd8 43.dxe5 Rd2
44.Bf1 g2+ 45.Bxg2 Nxg2 46.Re4 Nh4 47.Re3 Kg8 48.c5 Rc2 49.b4 Kf7 50.e6+ Ke7
51.Kg1 Ng6 52.Kf1 Nf4 53.Re5 Nxe6 54.h4 gxh4 55.Rh5 Rc4 56.Rh7+ Kf6 57.Rxh4 Kg5
58.Rh5+ Kxg4 59.Rh6 Nf4 60.Rb6 Kf3 61.Ke1 Nd3+ 62.Kd2 Nxb4 63.Rb8 Ke4 64.Re8+ Kd4
65.Rc8 Rc2+ 66.Kd1 Kc3 67.Ke1 Nd3+ 68.Kf1  1/2-1/2

[Event "ch-AUT"]
[Site "Jenbach AUT"]
[Date "2009.07.26"]
[Round "2"]
[White "Fruehauf,N"]
[Black "Platzgummer,F"]
[Result "0-1"]
[WhiteElo "2080"]
[BlackElo "2308"]

1.e4 d6 2.d4 Nf6 3.Nc3 e5 4.Nf3 Nbd7 5.Bc4 Be7 6.O-O O-O 7.Qe2 c6 8.a4 a5
9.Rd1 Qc7 10.Ba2 Re8 11.Ng5 Rf8 12.Nf3 Nb8 13.h3 Na6 14.Be3 Nb4 15.Bb3 b6
16.Rd2 Ba6 17.Bc4 Bxc4 18.Qxc4 Nxe4 19.Nxe4 d5 20.Qe2 dxe4 21.Nxe5 Bd6 22.Qc4 Rac8
23.Qb3 Kh8 24.Nc4 f5 25.Re2 Rce8 26.Bd2 Nd5 27.Rae1 Be7 28.Qg3 Qd8 29.Qb3 Bf6
30.c3 Re7 31.Qc2 Rfe8 32.Bc1 Qc7 33.Kh1 Re6 34.f3 Bh4 35.Rf1 exf3 36.Rxe6 fxg2+
37.Qxg2 Rxe6 38.Rxf5 Rf6 39.Qe4 Qc8 40.Rf3 Rxf3 41.Qxf3 Bf6 42.Kg2 Qe8 43.Bd2 h6
44.Qg4 Kh7 45.Nd6 Qf8 46.Ne4 Qe7 47.Kf3 g6 48.Bf4 h5 49.Qc8 Qf7 50.Nd6 Qe7
51.Qxc6 Nxf4 52.Kxf4 Bg5+ 53.Kf3 Qe3+ 54.Kg2 Qe2+  0-1

[Event "ch-AUT"]
[Site "Jenbach AUT"]
[Date "2009.07.26"]
[Round "2"]
[White "Schweitzer,W"]
[Black "Kleissl,H"]
[Result "1/2-1/2"]
[WhiteElo "2022"]
[BlackElo "2271"]

1.e4 d6 2.d4 Nf6 3.Nc3 Nbd7 4.Be3 e5 5.Nf3 Be7 6.Bd3 O-O 7.O-O c6 8.a4 b6
9.Qe2 a6 10.Rfd1 Qc7 11.Bc4 Bb7 12.Bg5 Rfe8 13.d5 cxd5 14.Nxd5 Nxd5 15.Bxd5 Bxd5
16.Rxd5 Bxg5 17.Nxg5 h6 18.Nf3 Nf6 19.Rdd1 Qc6 20.Re1 b5 21.c3 bxa4 22.Qc2 Reb8
23.Rxa4 Rxb2 24.Qxb2 Qxa4 25.Qb7 Re8 26.h3 Qc4 27.Re3 Qb5 28.Qc7 Qb1+ 29.Re1 Qc2
30.Qc6 g6 31.Qxa6 Nxe4 32.Re2 Qd1+ 33.Re1 Qd5 34.c4 Nc5 35.Qb5 Qa8 36.Qb6 Re6
37.Kh2 Nd3 38.Re2 Qa4 39.Nd2 Qd1 40.Qe3 Nc5 41.Ne4 Nxe4 42.Qxe4 Kg7 43.g3 Qf1
44.Rc2 Rf6 45.Qe3 Qb1 46.Qc3 Qb6 47.Kg1 Qc5 48.Qd3 h5 49.Qe4 Qb4 50.Kg2 Qb1
51.h4 Re6 52.Qe2 Qb7+ 53.Qf3 Qxf3+ 54.Kxf3 f5 55.c5 Kf6 56.cxd6 Rxd6 57.Rc4 Ke6
58.Ke3 Kd5 59.Ra4 Rc6 60.Ra5+ Rc5 61.Ra6 Rc3+ 62.Kd2 Rc6 63.Ra4 e4 64.Rb4 Ra6
65.Rb8 Ke5 66.Rb5+ Kf6 67.Rb8 Ra2+ 68.Ke3 Ra3+ 69.Ke2 Rf3 70.Rb6+ Kg7 71.Rb7+ Kh6
72.Rb6 f4 73.Rb4 fxg3 74.fxg3 Rxg3 75.Rxe4 Kg7 76.Rf4 Ra3 77.Kf2 Ra6 78.Kg3 Ra5
79.Kh3 Rf5 80.Ra4 Re5 81.Rf4 Rf5 82.Ra4 Rf3+ 83.Kg2 Re3 84.Rf4 Re6 85.Kg3 Rf6
86.Ra4 Kf7 87.Ra7+ Ke6 88.Ra6+ Kf7 89.Ra7+ Kg8 90.Ra8+ Kg7 91.Ra7+ Rf7 92.Ra4 Rf1
93.Kg2 Rb1 94.Rf4 Rb3 95.Kh2 Rb5 96.Kg3 Re5 97.Kh3 Rf5 98.Ra4 Rf1 99.Kg2 Rf7
100.Kg3 Rf5 101.Kh3 Kf7 102.Ra7+  1/2-1/2

[Event "Czech Open A"]
[Site "Pardubice CZE"]
[Date "2009.07.26"]
[Round "3"]
[White "Maximov,D"]
[Black "Lorscheid,G"]
[Result "1-0"]
[WhiteElo "2485"]
[BlackElo "2345"]

1.e4 d6 2.d4 Nf6 3.Nc3 e5 4.Nf3 Nbd7 5.Bc4 Be7 6.O-O O-O 7.Re1 c6 8.a4 b6
9.d5 cxd5 10.Nxd5 Bb7 11.b3 Rc8 12.Re2 Nxd5 13.Bxd5 Bxd5 14.Qxd5 Nf6 15.Qd1 d5
16.exd5 Qxd5 17.Qxd5 Nxd5 18.c4 Nc3 19.Re3 Nd1 20.Re1 Rfd8 21.Bg5 Bxg5 22.Raxd1 Bf6
23.Kf1 Re8 24.Rd7 e4 25.Nd2 Bc3 26.Rxe4 Red8 27.Rxd8+ Rxd8 28.Nf3 f6 29.Ke2 g5
30.h3 h5 31.g4 hxg4 32.Rxg4 Kf7 33.h4 gxh4 34.Rxh4 Kg6 35.Re4 Kf7 36.Re3 Bb4
37.Rd3 Re8+ 38.Kd1 a5 39.Rd7+ Kg6 40.Rd5 Re4 41.Rd4 Kf5 42.Nh4+ Ke5  1-0

[Event "Czech Open A"]
[Site "Pardubice CZE"]
[Date "2009.07.26"]
[Round "3"]
[White "Kochetkova,J"]
[Black "Polyakova,N"]
[Result "1-0"]
[WhiteElo "2310"]
[BlackElo "2073"]

1.e4 d6 2.d4 Nf6 3.Nc3 c6 4.h3 Nbd7 5.g3 e5 6.Nge2 Be7 7.Bg2 O-O 8.O-O b6
9.g4 Ba6 10.Re1 Ne8 11.Ng3 g6 12.Bh6 Ng7 13.Qd2 Qc7 14.Rad1 Rfd8 15.Nce2 c5
16.Nc3 Nf6 17.dxe5 dxe5 18.Nd5 Qb7 19.Qc3 Nfe8 20.Qxe5 Bf8 21.Qc3 Bb5 22.Nf1 Bc6
23.Nfe3 Ne6 24.Bxf8 Nxf8 25.h4 Ne6 26.Qe5 Rd7 27.h5 Qb8 28.Nc4 Qd8 29.hxg6 hxg6
30.Rd3 Nd4 31.c3 f6 32.Qxe8+ Qxe8 33.Nxf6+ Kf7 34.Nxe8  1-0

[Event "Continental ch-Americas"]
[Site "Sao Paulo BRA"]
[Date "2009.07.26"]
[Round "2"]
[White "Salama,An"]
[Black "Lucena,L"]
[Result "1/2-1/2"]
[WhiteElo "1983"]
[BlackElo "2150"]

1.e4 d6 2.d4 Nf6 3.Nc3 e5 4.Nf3 Nbd7 5.Bc4 Be7 6.h3 O-O 7.O-O a6 8.a4 b6
9.Re1 Bb7 10.b3 c6 11.Bb2 b5 12.axb5 cxb5 13.Bd3 Re8 14.Nd5 Bxd5 15.exd5 e4
16.Bxe4 Nxe4 17.Rxe4 Nf6 18.Re1  1/2-1/2

[Event "Hanowa Generations"]
[Site "Biel SUI"]
[Date "2009.07.27"]
[Round "7"]
[White "Kudryavtsev,E"]
[Black "Giffard,N"]
[Result "0-1"]
[WhiteElo "2073"]
[BlackElo "2357"]

1.e4 d6 2.d4 Nf6 3.Nc3 c6 4.Nf3 Qa5 5.Bd3 e5 6.h3 Be7 7.O-O O-O 8.Be3 Re8
9.a4 Bf8 10.Nd2 Nbd7 11.f4 Qc7 12.Qf3 exd4 13.Bxd4 b6 14.Rae1 Bb7 15.b3 a6
16.Ne2 c5 17.Ba1 d5 18.e5 d4 19.Qg3 Nd5 20.Qh4 h6 21.Rf3 Nb4 22.Bf5 Bxf3
23.gxf3 Nxe5 24.fxe5 Rxe5 25.Be4 Rae8 26.c3 Nc2 27.Rc1 Nxa1 28.Rxa1 f5 29.cxd4 cxd4
30.f4 Rxe4 31.Nxe4 Rxe4 32.Qf2 d3  0-1

[Event "Czech Open A"]
[Site "Pardubice CZE"]
[Date "2009.07.27"]
[Round "4"]
[White "Shytaj,C"]
[Black "Voloshin,L"]
[Result "0-1"]
[WhiteElo "2223"]
[BlackElo "2437"]

1.e4 d6 2.d4 Nf6 3.Nc3 e5 4.Nf3 Nbd7 5.g4 g6 6.g5 Nh5 7.Be3 Bg7 8.Qd2 c6
9.O-O-O Qe7 10.d5 c5 11.Bh3 Nb6 12.Bxc8 Rxc8 13.Qe2 O-O 14.Nd2 Nf4 15.Qg4 a6
16.Bxf4 exf4 17.Qxf4 f6 18.gxf6 Bxf6 19.Qg4 Be5 20.Ne2 Rxf2 21.Rdf1 Rcf8
22.Ng3 Qd7 23.Qd1 Qb5 24.c3 Na4 25.Qb3 Nxb2  0-1

[Event "ch-Euro Senior w"]
[Site "Rogaska Slatina SLO"]
[Date "2009.07.27"]
[Round "6"]
[White "Saunina,L"]
[Black "Khropova,L"]
[Result "1-0"]
[WhiteElo "2293"]
[BlackElo "2060"]

1.e4 d6 2.d4 Nf6 3.Nc3 e5 4.Nf3 Nbd7 5.Bc4 Be7 6.O-O O-O 7.a4 a5 8.Qe2 c6
9.Rd1 Qc7 10.h3 h6 11.dxe5 dxe5 12.Nh4 Nb6 13.Bd3 Re8 14.Nf5 Bxf5 15.exf5 Nbd5
16.Ne4 Rad8 17.Re1 Nb4 18.Bc4 Nbd5 19.Bb3 Nxe4 20.Qxe4 Nf6 21.Qc4 Bf8 22.Be3 Nd5
23.Bd2 b6 24.Rad1 Qb7 25.Qg4 Nf6 26.Qg6 Nd5 27.Qg3 Kh7 28.c4 Nf6 29.Bc3 Rxd1
30.Bxd1 Qd7 31.Bc2 e4 32.Qh4 Qxf5 33.Bxf6 Qxf6 34.Qxf6 gxf6 35.Rxe4 Rxe4
36.Bxe4+ Kg7 37.Bxc6 Bc5 38.g4 Bd4 39.b3 Kf8 40.Kg2 Ke7 41.Bd5 Kd6 42.Bxf7 Kc5
43.f4 Kb4 44.Kf3 Bc5 45.Be8 Kxb3 46.Bb5 Kc3 47.Ke4 Bd6 48.h4 Be7 49.Kf5 Kd4
50.g5 fxg5 51.fxg5 Bf8 52.Kf6  1-0

[Event "zt 3.3"]
[Site "Ho Chi Minh City VIE"]
[Date "2009.07.28"]
[Round "8"]
[White "Lo Kin Mun,D"]
[Black "Nguyen Manh Truong"]
[Result "1-0"]
[WhiteElo "2154"]
[BlackElo "2160"]

1.e4 d6 2.d4 Nf6 3.Nc3 e5 4.Nf3 Nbd7 5.Bc4 Be7 6.O-O O-O 7.Re1 c6 8.a4 Qc7
9.h3 Nb6 10.Bb3 Be6 11.a5 Nc4 12.Ng5 d5 13.Nxe6 fxe6 14.exd5 cxd5 15.dxe5 Nxe5
16.Qe2 Nfd7 17.f4 Bh4 18.Rf1 Nf7 19.Qxe6 Nc5 20.Qxd5 Nxb3 21.Qxb3 Qc5+ 22.Kh2 Kh8
23.Qd5 Qxd5 24.Nxd5 Rad8 25.c4 Nd6 26.b3 Ne4 27.Rf3 Nf6 28.Ba3 Rfe8 29.Nxf6 Bxf6
30.Raf1 Rd2 31.Bc5 Bh4 32.Bf2 Ree2 33.Re3 Rxe3 34.Bxe3 Rd3 35.Rf3 Rxb3 36.Bxa7 Rb4
37.c5 h6 38.Bb6 Bf6 39.Rf2 Kh7 40.g3 Kg6 41.Rd2 Kf5 42.Kg2 Ke4 43.Re2+ Kd5
44.Kf3 Rb3+ 45.Re3 Rb1 46.Rd3+ Kc4 47.Rd7 Rb3+ 48.Kg4 h5+ 49.Kf5 Rxg3 50.Rxb7 Kb5
51.Bd8+ Kxc5 52.Bxf6 gxf6 53.h4 Ra3 54.Kxf6 Rxa5 55.Rd7 Ra4 56.Kg5 Kc6 57.Rd1 Ra2
58.Kxh5 Rf2 59.Kg5 Rg2+ 60.Kf6 Rh2 61.f5 Rxh4 62.Ke7 Re4+ 63.Kf7 Re2 64.f6 Rf2
65.Ke7 Re2+ 66.Kf8 Kc7 67.f7 Rg2 68.Rd4 Rg1 69.Ke7 Re1+ 70.Kf6 Kc6 71.Rc4+ Kb5
72.Rc8 Rf1+ 73.Ke6 Re1+ 74.Kd5 Rd1+ 75.Ke4 Re1+ 76.Kd3  1-0

[Event "Czech Open A"]
[Site "Pardubice CZE"]
[Date "2009.07.28"]
[Round "5"]
[White "Denisov,I"]
[Black "Bystrov,SM"]
[Result "1/2-1/2"]
[WhiteElo "2192"]
[BlackElo "2310"]

1.e4 d6 2.d4 Nf6 3.Nc3 e5 4.Nf3 Nbd7 5.Bc4 Be7 6.O-O O-O 7.h3 c6 8.Bg5 b5
9.Bd3 Bb7 10.Re1 a6 11.a4 Re8 12.Qd2 h6 13.Be3 Bf8 14.axb5 cxb5 15.d5 Nc5
16.b4 Ncd7 17.Nd1 Nb6 18.Nb2 Nbxd5 19.exd5 e4 20.Be2 exf3 21.Bxf3 Rc8 22.Rac1 Ne4
23.Qd3 Nc3 24.Bg4 Na2 25.Bxc8 Nxc1 26.Rxc1 Bxc8 27.c4 Qf6 28.Bd4 Qg5 29.Be3 Qf6
30.Bd4 Qg5 31.Be3 Qf6 32.Bd4  1/2-1/2

[Event "Tchibo Open B"]
[Site "Pardubice CZE"]
[Date "2009.07.28"]
[Round "5"]
[White "Svoboda,V2"]
[Black "Jaeschke,J"]
[Result "1-0"]
[WhiteElo "2256"]
[BlackElo "2171"]

1.e4 d6 2.d4 Nf6 3.Nc3 Nbd7 4.Nf3 e5 5.Bc4 Be7 6.dxe5 dxe5 7.Bxf7+ Kxf7 8.Ng5+ Kg6
9.h4 h5 10.Qf3 Nc5 11.Qg3 Bg4 12.f3 Qd4 13.Bd2 b5 14.O-O-O b4 15.fxg4 bxc3
16.Bxc3 Ncxe4 17.gxh5+ Nxh5 18.Qf3 Bxg5+ 19.hxg5 Qc4 20.Rd4 exd4 21.Qxe4+ Kxg5
22.g4 Ng3 23.Bd2+ Kf6 24.g5+ Kf7 25.g6+ Kf6 26.Qf4+ Nf5 27.Qg5+ Ke6 28.Re1+ Kd6
29.Qxf5 Rae8 30.Rd1 Rhf8 31.Qa5 Rf1 32.Qb4+  1-0

[Event "ch-Euro Senior"]
[Site "Rogaska Slatina SLO"]
[Date "2009.07.28"]
[Round "7"]
[White "Novak,I1"]
[Black "Sorokin,Valen"]
[Result "0-1"]
[WhiteElo "2242"]
[BlackElo "2319"]

1.e4 d6 2.d4 Nf6 3.Nc3 c6 4.Be3 Qc7 5.Nf3 e5 6.a4 a5 7.Bc4 Be7 8.O-O Bg4
9.h3 Bh5 10.Be2 Nbd7 11.Nd2 Bxe2 12.Qxe2 Nf8 13.Nc4 Ne6 14.dxe5 dxe5 15.Rfd1 O-O
16.Bb6 Qb8 17.Qe3 Re8 18.Ne2 Ra6 19.c3 Rxb6 20.Qxb6 Bc5 21.Qb3 Nxe4 22.Ne3 Qa7
23.c4 Nf4 24.Kf1 b6 25.f3 Nxe2 26.Kxe2 Ng3+ 27.Kd2 e4 28.Re1 Rd8+ 29.Kc2 Rd3
30.Rad1 Rxb3 31.Rd8+ Bf8 32.Kxb3 Qe7 33.Red1 exf3 34.R1d3 f2 35.Ra8 h5  0-1

[Event "ZMD Open"]
[Site "Dresden GER"]
[Date "2009.07.29"]
[Round "5"]
[White "Grosse,Mar"]
[Black "Wimmer,A"]
[Result "1/2-1/2"]
[WhiteElo "1925"]
[BlackElo "2108"]

1.e4 d6 2.d4 Nf6 3.Nc3 c6 4.h3 b5 5.e5 dxe5 6.dxe5 Qxd1+ 7.Kxd1 Nfd7 8.e6 fxe6
9.a4 b4 10.Ne4 g6 11.Nf3 Bg7 12.Nfg5 Nf8 13.Nc5 h6 14.Nge4 Nbd7 15.Bc4 Nxc5
16.Nxc5 Be5 17.Bxe6 Bxe6  1/2-1/2

[Event "Czech Open A"]
[Site "Pardubice CZE"]
[Date "2009.07.29"]
[Round "6"]
[White "Kravtsiv,M"]
[Black "Voloshin,L"]
[Result "1-0"]
[WhiteElo "2527"]
[BlackElo "2437"]

1.e4 d6 2.d4 Nf6 3.Nc3 e5 4.dxe5 dxe5 5.Qxd8+ Kxd8 6.Bg5 Be6 7.O-O-O+ Nd7
8.f4 exf4 9.Nf3 Kc8 10.Bxf4 Bc5 11.e5 Ng4 12.Ne4 Be3+ 13.Bxe3 Nxe3 14.Re1 Nxf1
15.Rhxf1 Kd8 16.Nd4 Ke7 17.b3 Raf8 18.Ng3 g6 19.Ne4 a6 20.Nf6 c5 21.Nxd7 Bxd7
22.Nf3 Bc6 23.g3 h6 24.Nd2 Rd8 25.Ne4 Rd5 26.Nd6 Rf8 27.Nc4 Bb5 28.Nb6 Rd4
29.Rf6 h5 30.Re3 Bc6 31.Rc3 Rfd8 32.Rxc5 Re4 33.Rf2 h4 34.gxh4 Rxh4 35.a4 Rdh8
36.Nc4 Rxh2 37.Rf6 Re2 38.Na5 Rh1+ 39.Kb2 Rhe1 40.Nxb7 Be8 41.Rc7+ Kf8 42.Nd6 Rxe5
43.Nxe8 Re7 44.Rxa6 Rxe8 45.a5 Kg7 46.Rac6 g5 47.a6 R1e7 48.Rxe7 Rxe7 49.Rc5 Kg6
50.Ra5 Ra7 51.b4 g4 52.b5 g3 53.Ra3 Kf5 54.Rxg3 Ke5 55.Ra3 Kd6 56.b6 Ra8
57.b7 Rh8 58.a7  1-0

[Event "14th Open"]
[Site "Creon FRA"]
[Date "2009.07.30"]
[Round "5"]
[White "Doncea,V"]
[Black "Laurent,D"]
[Result "1-0"]
[WhiteElo "2460"]
[BlackElo "2014"]

1.e4 d6 2.d4 Nf6 3.Nc3 Nbd7 4.Nf3 e5 5.g4 exd4 6.Nxd4 Nc5 7.f3 Nxg4 8.fxg4 Qh4+
9.Ke2 Bxg4+ 10.Nf3 Bxf3+ 11.Kxf3 O-O-O 12.Qd5 Be7 13.Qf5+ Kb8 14.Qg4 Qf6+
15.Qf4 g5 16.Qxf6 g4+ 17.Kxg4 Bxf6 18.Bd3 Bxc3 19.bxc3 Rde8 20.Kf3 Rhg8 21.Be3 Nd7
22.Rag1 Ne5+ 23.Ke2 Ng4 24.Rg3 d5 25.exd5  1-0

[Event "Dutch Open"]
[Site "Dieren NED"]
[Date "2009.07.30"]
[Round "9"]
[White "Ootes,La"]
[Black "Reinderman,D"]
[Result "1-0"]
[WhiteElo "2261"]
[BlackElo "2565"]

1.e4 d6 2.d4 Nf6 3.Nc3 e5 4.Nf3 Nbd7 5.Bc4 Be7 6.O-O O-O 7.Re1 c6 8.a4 b6
9.h3 a6 10.d5 c5 11.Rb1 Ne8 12.Bf1 Qc7 13.Nd2 Kh8 14.Nc4 Rb8 15.b4 b5 16.axb5 axb5
17.Na5 cxb4 18.Nc6 bxc3 19.Nxe7 Bb7 20.Rxb5 Nc5 21.Nf5 Ra8 22.Rb1 Bc8 23.Ng3 Bd7
24.Qf3 Na4 25.Rb3 Rb8 26.Ba3 Nf6 27.Reb1 Rxb3 28.Rxb3 Rb8 29.Qd3 g6 30.Qc4 Qa7
31.Bxd6 Re8 32.Qa6 Qd4 33.Rb4 Nc5 34.Rxd4 Nxa6 35.Rc4 h5 36.h4  1-0

[Event "ZMD Open"]
[Site "Dresden GER"]
[Date "2009.07.30"]
[Round "6"]
[White "Guennigmann,M"]
[Black "Aronow,M"]
[Result "0-1"]
[WhiteElo "2165"]
[BlackElo "2290"]

1.e4 d6 2.d4 Nf6 3.Nc3 c6 4.Nf3 Bg4 5.Be2 Bxf3 6.Bxf3 Nbd7 7.O-O e5 8.Be3 Be7
9.g3 O-O 10.Bg2 Qc7 11.a4 a5 12.Re1 Rab8 13.Qe2 exd4 14.Bxd4 Rfe8 15.f4 Bf8
16.Qf1 g6 17.Rad1 Bg7 18.Kh1 Rbd8 19.Qg1 h5 20.h3 Re6 21.Rd2 Rde8 22.Red1 Bf8
23.Qf2 Bg7  0-1

[Event "Czech Open A"]
[Site "Pardubice CZE"]
[Date "2009.07.30"]
[Round "7"]
[White "Berezjuk,S"]
[Black "Bystrov,SM"]
[Result "1-0"]
[WhiteElo "2406"]
[BlackElo "2310"]

1.e4 d6 2.d4 Nf6 3.Nc3 e5 4.Nf3 Nbd7 5.Bc4 Be7 6.O-O O-O 7.Re1 c6 8.a4 Qc7
9.h3 b6 10.Bd3 a6 11.Ne2 Re8 12.Ng3 Bf8 13.c3 g6 14.Bg5 h6 15.Be3 Kh7 16.Qb3 Kg7
17.Rad1 Bb7 18.Bb1 c5 19.Nd2 d5 20.dxe5 Nxe4 21.Ndxe4 dxe4 22.Bxe4 Bxe4 23.Nxe4 Nxe5
24.c4 Red8 25.Nc3 Rxd1 26.Rxd1 Qc6 27.Nd5 Nd7 28.Bd2 Kh7 29.Qf3 f5 30.b3 Ne5
31.Qg3 Bg7 32.Bc3 Nd7 33.Bxg7 Kxg7 34.Nxb6 Nf6 35.Nd5 Ne4 36.Qf4 Qb7 37.Rd3 Qb8
38.Qc1 Qe5 39.Re3 Qd4 40.Qe1 Rb8 41.Kh1 Rb7 42.f3 Nd6 43.Re7+ Rxe7 44.Qxe7+ Nf7
45.Nc7 Qd1+ 46.Kh2 Qd6+ 47.Qxd6 Nxd6 48.Ne6+  1-0

[Event "Czech Open A"]
[Site "Pardubice CZE"]
[Date "2009.07.30"]
[Round "7"]
[White "Lissang,C"]
[Black "Lorscheid,G"]
[Result "1/2-1/2"]
[WhiteElo "2236"]
[BlackElo "2345"]

1.e4 d6 2.d4 Nf6 3.Nc3 e5 4.Nf3 Nbd7 5.Bc4 Be7 6.O-O O-O 7.Re1 a6 8.a4 b6
9.h3 c6 10.Ba2 Rb8 11.Be3 b5 12.axb5 axb5 13.b4 Qc7 14.Bb3 d5 15.dxe5 Nxe4
16.Bd4 Bxb4 17.Rxe4 Bxc3 18.Bxc3 dxe4 19.Ng5 Nc5 20.Bb4 Nxb3 21.Bxf8 Qxe5
22.cxb3 Bxh3 23.Nxh3 Rxf8  1/2-1/2

[Event "ch-Euro Senior"]
[Site "Rogaska Slatina SLO"]
[Date "2009.07.30"]
[Round "9"]
[White "Svensson,L"]
[Black "Ziltener,W"]
[Result "1-0"]
[WhiteElo "2165"]
[BlackElo "2120"]

1.d4 Nf6 2.Nc3 c6 3.e4 d6 4.Bg5 Qa5 5.Qd2 Nbd7 6.Nf3 e5 7.Bd3 Be7 8.O-O O-O
9.Nd5 Qd8 10.Nxe7+ Qxe7 11.Rfe1 Re8 12.h3 h6 13.Be3 Nf8 14.dxe5 dxe5 15.Qc3 Qc7
16.a4 Ng6 17.Nd2 Be6 18.a5 Rec8 19.b4 Nd7 20.Reb1 Qd8 21.Nc4 Qe7 22.f3 f6
23.Bf1 Nh8 24.Rd1 Nf7 25.Rd2 c5 26.b5 Rd8 27.Rad1 Nf8 28.Rxd8 Rxd8 29.Rxd8 Nxd8
30.Nd2 b6 31.Qa3 Qb7 32.Nc4 Nf7 33.axb6 axb6 34.Qa6 Bc8 35.Nxb6  1-0

[Event "96th ch-GBR"]
[Site "Torquay ENG"]
[Date "2009.07.31"]
[Round "5"]
[White "Fitzsimons,D"]
[Black "LeMoir,D"]
[Result "1/2-1/2"]
[WhiteElo "2167"]
[BlackElo "2009"]

1.e4 d6 2.d4 Nf6 3.Nc3 e5 4.Nge2 Nbd7 5.f3 Be7 6.Be3 c6 7.g4 O-O 8.Ng3 b5
9.Qd2 exd4 10.Bxd4 Ne5 11.Qf2 b4 12.Nd1 c5 13.Bxe5 dxe5 14.Ne3 Be6 15.Bc4 Qd4
16.O-O Nxg4 17.fxg4 Bg5 18.Ngf5 Bxf5  1/2-1/2

[Event "ch-AUT"]
[Site "Jenbach AUT"]
[Date "2009.08.01"]
[Round "8"]
[White "Mikulic,O"]
[Black "Bachler,R"]
[Result "1-0"]
[WhiteElo "2004"]
[BlackElo "2226"]

1.e4 d6 2.d4 Nf6 3.Nc3 Nbd7 4.e5 dxe5 5.dxe5 Nxe5 6.Qxd8+ Kxd8 7.Bf4 Ng6
8.O-O-O+ Bd7 9.Bg3 Nh5 10.Nf3 Nxg3 11.hxg3 h6 12.Bd3 Ke8 13.Bxg6 fxg6 14.Ne5 Bc6
15.Nxg6 Rg8 16.Nd5 Bxd5 17.Rxd5 Rd8 18.Rxd8+ Kxd8 19.Re1 Kd7 20.f4 e6 21.Ne5+ Ke8
22.Nf3 Kf7 23.Nd4 Bc5 24.Nxe6 Re8 25.f5 Bf2 26.Rd1 Bxg3 27.Rd7+ Kf6 28.Nxg7 Rg8
29.Nh5+ Kxf5 30.Nxg3+ Rxg3 31.Rxc7 Rxg2 32.Rxb7 h5 33.Rxa7 h4 34.Rh7 Kg4
35.b4 h3 36.Kb2 h2 37.a4 Kg3 38.a5 Rg1 39.a6 h1=Q 40.Rxh1 Rxh1 41.a7 Rh7
42.a8=Q  1-0

[Event "ch-AUT"]
[Site "Jenbach AUT"]
[Date "2009.08.01"]
[Round "8"]
[White "Diermair,A"]
[Black "Kleissl,H"]
[Result "1/2-1/2"]
[WhiteElo "2361"]
[BlackElo "2271"]

1.e4 d6 2.d4 Nf6 3.Nc3 Nbd7 4.g4 h6 5.h3 e5 6.Nge2 c6 7.Bg2 b5 8.a3 a5 9.Be3 Bb7
10.Ng3 g6 11.O-O h5 12.g5 h4 13.gxf6 hxg3 14.fxg3 exd4 15.Qxd4 Ne5 16.b3 Qc7
17.Ne2 Bh6 18.Nf4 Bg5 19.Qd2 O-O-O 20.Rac1 c5 21.a4 b4 22.Nd3 Bxe3+ 23.Qxe3 Rhe8
24.Rf2 Kb8 25.c3 Nxd3 26.Qxd3 Re5 27.cxb4 axb4 28.Rd2 Qb6 29.Kh2 Re6 30.Rf2 Rde8
31.Rf4  1/2-1/2

[Event "16th ORDIX Open"]
[Site "Mainz GER"]
[Date "2009.08.01"]
[Round "5"]
[White "Gharamian,T"]
[Black "Movsesian,S"]
[Result "1/2-1/2"]
[WhiteElo "2615"]
[BlackElo "2716"]

1.e4 d6 2.d4 Nf6 3.Nc3 e5 4.dxe5 dxe5 5.Qxd8+ Kxd8 6.Bg5 Be6 7.O-O-O+ Nd7
8.f4 exf4 9.Nf3 h6 10.Bxf4 Nh5 11.Be3 Nf6 12.Bf4 Nh5 13.Be3 Nf6  1/2-1/2

[Event "110th US Open"]
[Site "Indianapolis USA"]
[Date "2009.08.02"]
[Round "2"]
[White "Lau,Ro"]
[Black "Yang,M"]
[Result "1/2-1/2"]
[WhiteElo "2173"]
[BlackElo "2052"]


1.e4 d6 2.d4 Nf6 3.Nc3 e5 4.Nf3 exd4 5.Nxd4 Be7 6.Be2 O-O 7.O-O c5 8.Nb3 Nc6
9.Bf4 Be6 10.Qd2 d5 11.exd5 Nxd5 12.Nxd5 Qxd5 13.Qe3 Rac8 14.c3 Rfd8 15.Bf3 Qf5
16.Be4 Qh5 17.Bf3 Qf5 18.Be4 Qh5 19.Bf3  1/2-1/2

[Event "Open"]
[Site "Kavala GRE"]
[Date "2009.08.02"]
[Round "3"]
[White "Andriasian,Z"]
[Black "Borsuk,A"]
[Result "1-0"]
[WhiteElo "2585"]
[BlackElo "2385"]

1.e4 d6 2.d4 Nf6 3.Nc3 e5 4.Nf3 Nbd7 5.Bc4 Be7 6.Be3 c6 7.a4 O-O 8.Ba2 b6
9.O-O a6 10.Re1 Qc7 11.Nh4 Re8 12.Nf5 Bf8 13.Qd3 c5 14.dxc5 Nxc5 15.Bxc5 dxc5
16.Ne3 Bb7 17.Ncd5 Bxd5 18.Nxd5 Nxd5 19.Bxd5 Ra7 20.Red1 Rb8 21.Bc4 a5 22.Qb3 g6
23.Rd3 Kg7 24.Rad1 Qe7 25.g3 h5 26.h4 Rc7 27.Kg2 Qe8 28.Rd5 Kh8 29.Bb5 Qe6
30.Qc3 f6 31.Bc4 Qe8 32.b3 Be7 33.R1d3 Kh7 34.Qd2 Qf8 35.f4 exf4 36.gxf4 Qg7
37.Rg3 Qh6 38.Qd1 Qxf4 39.Rxh5+ Kg7 40.Rg4  1-0

[Event "III Deportiva San Juan Open"]
[Site "Pamplona ESP"]
[Date "2009.08.02"]
[Round "9"]
[White "Berbatov,K"]
[Black "Strikovic,A"]
[Result "1-0"]
[WhiteElo "2398"]
[BlackElo "2523"]

1.e4 d6 2.d4 Nf6 3.Nc3 e5 4.Nf3 Nbd7 5.g4 Nxg4 6.Rg1 Ngf6 7.Bc4 h6 8.Be3 c6
9.dxe5 dxe5 10.Qd3 Nh5 11.O-O-O Qf6 12.Nb5 cxb5 13.Bxb5 Qe7 14.Nxe5 Nf6 15.f4 a6
16.Bc5 Qxc5 17.Nxd7 Nxd7 18.Bxd7+ Ke7 19.e5 Qc7 20.Qa3+ Kd8 21.Ba4+ Bd7 22.Qf3  1-0